| Record ID | ia:31383026193782 |
| Source | Internet Archive |
| Download MARC XML | https://archive.org/download/31383026193782/31383026193782_marc.xml |
| Download MARC binary | https://www.archive.org/download/31383026193782/31383026193782_meta.mrc |
LEADER: 00553cam 2200217 a 4500
001 vpl00023882
005 20020507004700.0
008 900722s1918 onc 000 0 eng u
035 $a(WaOLN)VP30023882
090 $ac823 P11w
100 1 $aPackard, Frank L.$q(Frank Lucius),$d1877-1942.
245 14 $aThe wire devils.
260 $aToronto,$bCopp$c[c1918]
300 $a318 pages
336 $atext$btxt$2rdacontent
337 $aunmediated$bn$2rdamedia
338 $avolume$bnc$2rdacarrier
994 $a1
995 $a0
996 $a392375
997 $a664061